历史巨轮TTA领袖列表 - Statistics

General Stats
  • This quiz has been taken 22 times
  • The average score is 28 of 48
Answer Stats
时代 领袖 % Correct
A 凯撒
90%
A 孔子
90%
II 拿破仑
90%
III 丘吉尔
85%
A 亚历山大大帝
80%
III 爱因斯坦
80%
II 叶卡捷琳娜女皇
75%
A 克里奥佩特拉
70%
A 孙子
70%
I 巴巴罗萨
70%
III 卓别林
70%
III 乔布斯
70%
A 汉谟拉比
65%
A 荷马
65%
I 成吉思汗
65%
I 达芬奇
65%
I 诺斯特拉德马思
65%
II 莎士比亚
65%
II 牛顿
65%
II 巴赫
65%
III 圣雄甘地
65%
III 比尔盖茨
65%
A 亚里士多德
60%
I 哥伦布
60%
I 圣女贞德
60%
I 杰士卡
60%
III 居里夫人
60%
A 布狄卡
55%
II 罗伯斯庇尔
55%
A 摩西
50%
A 希波克拉底
50%
I 米开朗基罗
50%
I 萨拉丁
50%
II 特蕾莎
50%
I 伊莎贝拉一世
45%
I 阿基坦的埃莉诺
45%
II 瓦特
45%
II 高第
45%
II 达尔文
45%
III 曼德拉
45%
III 顾拜旦
45%
II 库克
40%
III 席德梅尔
40%
A 阿育王
35%
I 古登堡
35%
III 弗莱明
35%
II 诺贝尔
30%
III 黛德丽
30%
No matching quizzes found
Score Distribution
Percent of People with Each Score
Percentile by Number Answered
Your Score History
You have not taken this quiz